[Event "Titled Tuesday intern op 19th Dec Early"]
[Site "Chess.com INT"]
[Date "2023.12.19"]
[Round "9"]
[White "Haug, Havard"]
[Black "Pak, Yevgeniy"]
[Result "0-1"]
[WhiteElo "2309"]
[BlackElo "2317"]
[PlyCount "44"]
[EventDate "2023.12.19"]
[EventType "swiss (blitz)"]
[EventRounds "11"]
[EventCountry "USA"]
[SourceTitle "CB52_2023"]
[SourceDate "2023.12.27"]
[SourceVersion "1"]
[SourceVersionDate "2023.12.27"]
[SourceQuality "1"]

1. e4 e6 2. d4 d5 3. e5 c5 4. c3 Nc6 5. Nf3 Bd7 6. Be2 cxd4 7. cxd4 f6 8. 0-0 fxe5 9. Nxe5 Bd6 10. Bf4 Qf6 11. Qd2 Nxe5 12. dxe5 Bxe5 13. Bxe5 Qxe5 14. Bf3 Ne7 15. Re1 Qf6 16. Qb4 0-0 17. Qxb7 Rad8 18. Nc3 Nf5 19. Qxa7 Nh4 20. Be2 Bc6 21. g3 d4 22. Qb6 Qxf2# 0-1

[Event "Titled Tuesday intern op 19th Dec Early"]
[Site "Chess.com INT"]
[Date "2023.12.19"]
[Round "7"]
[White "Pak, Yevgeniy"]
[Black "Chigaev, Maksim"]
[Result "0-1"]
[WhiteElo "2317"]
[BlackElo "2621"]
[PlyCount "78"]
[EventDate "2023.12.19"]
[EventType "swiss (blitz)"]
[EventRounds "11"]
[EventCountry "USA"]
[SourceTitle "CB52_2023"]
[SourceDate "2023.12.27"]
[SourceVersion "1"]
[SourceVersionDate "2023.12.27"]
[SourceQuality "1"]

1. e4 e5 2. Nf3 Nc6 3. Bb5 a6 4. Ba4 Bc5 5. 0-0 Nge7 6. Nxe5 Nxe5 7. d4 b5 8. Bb3 Bxd4 9. Qxd4 d6 10. c3 c5 11. Qe3 Be6 12. Bxe6 fxe6 13. f4 Nc4 14. Qg3 0-0 15. b3 Nb6 16. Nd2 Qe8 17. Nf3 Qg6 18. Ng5 h6 19. Nf3 Qxe4 20. Re1 Qd5 21. Bb2 Nf5 22. Qf2 Rae8 23. Rad1 Qc6 24. g4 Ne7 25. Qg3 Nbd5 26. Rxe6 Nxf4 27. Rdxd6 Qxd6 28. Rxd6 Ne2+ 29. Kg2 Nxg3 30. Kxg3 Rf6 31. Rxf6 gxf6 32. c4 Kf7 33. Ba3 b4 34. Bc1 Nc6 35. Bxh6 Re2 36. h4 Rxa2 37. Bf4 Rb2 38. Bd6 Rxb3 39. Bxc5 Ne5 0-1

[Event "Titled Tuesday intern op 19th Dec Early"]
[Site "Chess.com INT"]
[Date "2023.12.19"]
[Round "10"]
[White "Vakhlamov, Igor L"]
[Black "Pak, Yevgeniy"]
[Result "0-1"]
[WhiteElo "2413"]
[BlackElo "2317"]
[PlyCount "112"]
[EventDate "2023.12.19"]
[EventType "swiss (blitz)"]
[EventRounds "11"]
[EventCountry "USA"]
[SourceTitle "CB52_2023"]
[SourceDate "2023.12.27"]
[SourceVersion "1"]
[SourceVersionDate "2023.12.27"]
[SourceQuality "1"]

1. e4 c5 2. Nf3 e6 3. Nc3 a6 4. d4 cxd4 5. Nxd4 b5 6. Bd3 Qb6 7. Nb3 Qc7 8. 0-0 Nf6 9. Re1 d6 10. Qe2 Bb7 11. a4 b4 12. Na2 Nc6 13. Bd2 d5 14. exd5 Nxd5 15. Be4 Na5 16. Nxa5 Qxa5 17. c3 Qc7 18. Nxb4 Nf6 19. Bf4 Qc8 20. Bxb7 Qxb7 21. Nd3 h5 22. b4 h4 23. h3 Rh5 24. Be5 Rf5 25. Rab1 Nd7 26. Bd4 Be7 27. b5 axb5 28. axb5 Rxb5 29. Nc5 Rxb1 30. Nxb7 Raa1 31. Rxb1 Rxb1+ 32. Kh2 Rxb7 33. Bxg7 Bd6+ 34. g3 hxg3+ 35. fxg3 Ba3 36. Qa6 Rb2+ 37. Kh1 Rb1+ 38. Kg2 Rb2+ 39. Kf1 Rb1+ 40. Ke2 Rb2+ 41. Kf3 Bc5 42. h4 Ke7 43. Bd4 Bd6 44. Qa1 Rc2 45. Qb1 Rh2 46. Bg1 Ne5+ 47. Ke4 f5+ 48. Ke3 Rb2 49. Qf1 Bc5+ 50. Kf4 Bd6 51. Kg5 Nf7+ 52. Kg6 Rb8 53. Bd4 Rg8+ 54. Kh7 Rg4 55. Qf3 Be5 56. Qe3 Rg7# 0-1

[Event "Titled Tuesday intern op 19th Dec Early"]
[Site "Chess.com INT"]
[Date "2023.12.19"]
[Round "6"]
[White "Yeletsky, Ivan"]
[Black "Pak, Yevgeniy"]
[Result "0-1"]
[WhiteElo "2504"]
[BlackElo "2317"]
[PlyCount "68"]
[EventDate "2023.12.19"]
[EventType "swiss (blitz)"]
[EventRounds "11"]
[EventCountry "USA"]
[SourceTitle "CB52_2023"]
[SourceDate "2023.12.27"]
[SourceVersion "1"]
[SourceVersionDate "2023.12.27"]
[SourceQuality "1"]

1. c4 e5 2. g3 Nf6 3. Bg2 c6 4. Nf3 e4 5. Nd4 d5 6. cxd5 cxd5 7. d3 Qb6 8. dxe4 Bc5 9. Be3 Nc6 10. Nc2 d4 11. Bc1 Bg4 12. 0-0 0-0-0 13. h3 d3 14. hxg4 dxc2 15. Qxc2 Nxg4 16. e3 Kb8 17. Nc3 Nb4 18. Qe2 h5 19. a3 Nd3 20. Nd5 Qb3 21. Bd2 f5 22. Qd1 Qxd1 23. Raxd1 fxe4 24. Bxe4 Nxb2 25. Rb1 Nc4 26. Bc3 h4 27. Ne7 Bb6 28. Ng6 hxg3 29. Nxh8 Rxh8 30. fxg3 Ncxe3 31. Rxb6 axb6 32. Rf7 Rd8 33. Rxb7+ Kc8 34. Be1 Rd1 0-1

[Event "Titled Tuesday intern op 10th Jan Early"]
[Site "Chess.com INT"]
[Date "2023.01.10"]
[Round "7"]
[White "Pak, Yevgeniy"]
[Black "Bilych, Olexiy"]
[Result "1/2-1/2"]
[WhiteElo "2384"]
[BlackElo "2416"]
[PlyCount "150"]
[EventDate "2023.01.10"]
[EventType "swiss (blitz)"]
[EventRounds "11"]
[EventCountry "USA"]
[SourceTitle "EXT 2024"]
[Source "ChessBase"]
[SourceDate "2023.10.10"]
[SourceVersion "1"]
[SourceVersionDate "2023.10.10"]
[SourceQuality "1"]

1. e4 e5 2. Bc4 Nf6 3. d3 c6 4. Nf3 d5 5. Bb3 Bb4+ 6. c3 Bd6 7. Nbd2 0-0 8. 0-0 a5 9. Re1 Re8 10. h3 Na6 11. d4 dxe4 12. Nxe4 Nxe4 13. Rxe4 Bf5 14. Re1 exd4 15. Nxd4 Bg6 16. Be3 Nc5 17. Bc2 Qf6 18. Nf3 Bh5 19. Qd4 Qxd4 20. Nxd4 Bg6 21. Nf5 Bf8 22. g4 Rad8 23. Rad1 f6 24. b4 axb4 25. cxb4 Ne6 26. Bb3 Rxd1 27. Rxd1 Bf7 28. a3 Rd8 29. Re1 Nc7 30. Bxf7+ Kxf7 31. Bb6 Rd7 32. Bxc7 Rxc7 33. Kg2 g6 34. Ne3 Rd7 35. Rb1 Rd4 36. Rb3 Ke6 37. Kf3 f5 38. Rc3 Bd6 39. gxf5+ gxf5 40. Nc4 Rf4+ 41. Ke2 Bc7 42. Re3+ Kf6 43. Nd2 Bb6 44. Rf3 Rd4 45. Nb3 Rd5 46. a4 Ke5 47. Rc3 f4 48. a5 Ba7 49. Nd2 Kf5 50. Nf3 h5 51. Rc4 Rd7 52. a6 Re7+ 53. Kd3 bxa6 54. Rxc6 Bxf2 55. Rxa6 Re3+ 56. Kd2 Rxf3 57. Ke2 Rxh3 58. Kxf2 Rb3 59. Rb6 h4 60. Rb8 h3 61. b5 Rb2+ 62. Kg1 Kg4 63. b6 Kf3 64. b7 Rb1+ 65. Kh2 Ke3 66. Re8+ Kf2 67. b8Q Rxb8 68. Rxb8 f3 69. Re8 Kf1 70. Kxh3 f2 71. Rg8 Ke1 72. Re8+ Kf1 73. Kg3 Kg1 74. Rf8 f1Q 75. Rxf1+ Kxf1 1/2-1/2

[Event "Titled Tuesday intern op 10th Jan Early"]
[Site "Chess.com INT"]
[Date "2023.01.10"]
[Round "1"]
[White "Pak, Yevgeniy"]
[Black "Thiel, Thomas"]
[Result "1-0"]
[WhiteElo "2384"]
[BlackElo "2241"]
[PlyCount "59"]
[EventDate "2023.01.10"]
[EventType "swiss (blitz)"]
[EventRounds "11"]
[EventCountry "USA"]
[SourceTitle "EXT 2024"]
[Source "ChessBase"]
[SourceDate "2023.10.10"]
[SourceVersion "1"]
[SourceVersionDate "2023.10.10"]
[SourceQuality "1"]

1. d4 Nf6 2. c4 g6 3. Nc3 d5 4. cxd5 Nxd5 5. e4 Nxc3 6. bxc3 Bg7 7. Nf3 c5 8. Rb1 0-0 9. Be2 cxd4 10. cxd4 Qa5+ 11. Bd2 Qxa2 12. 0-0 Bg4 13. d5 a5 14. Bg5 Re8 15. Rxb7 Nd7 16. Bb5 Rad8 17. h3 Bxf3 18. Qxf3 Ne5 19. Qg3 a4 20. Bxe8 Rxe8 21. Bxe7 Nc4 22. d6 Ne5 23. f4 Nc6 24. e5 a3 25. Qb3 Qxb3 26. Rxb3 Nxe7 27. dxe7 Rxe7 28. Rxa3 g5 29. Ra8+ Bf8 30. Rd1 1-0

[Event "Titled Tuesday intern op 10th Jan Early"]
[Site "Chess.com INT"]
[Date "2023.01.10"]
[Round "4"]
[White "Sargissyan, Sargis"]
[Black "Pak, Yevgeniy"]
[Result "0-1"]
[WhiteElo "2221"]
[BlackElo "2384"]
[PlyCount "128"]
[EventDate "2023.01.10"]
[EventType "swiss (blitz)"]
[EventRounds "11"]
[EventCountry "USA"]
[SourceTitle "EXT 2024"]
[Source "ChessBase"]
[SourceDate "2023.10.10"]
[SourceVersion "1"]
[SourceVersionDate "2023.10.10"]
[SourceQuality "1"]

1. e4 c5 2. Nf3 Nc6 3. d4 cxd4 4. Nxd4 Nf6 5. Nc3 e5 6. Ndb5 d6 7. Bg5 a6 8. Na3 b5 9. Nd5 Be7 10. Bxf6 Bxf6 11. c3 Rb8 12. Nc2 Bg5 13. g3 0-0 14. h4 Bh6 15. Bg2 a5 16. 0-0 Be6 17. f4 f6 18. Nce3 Ne7 19. Kh2 Qd7 20. Nxe7+ Qxe7 21. Nd5 Qb7 22. Bh3 Bxd5 23. exd5 exf4 24. Be6+ Kh8 25. gxf4 f5 26. Qd3 Qe7 27. Kh3 Rf6 28. Rae1 Rbf8 29. Qxb5 Qc7 30. Qd7 Qb6 31. b3 Qc5 32. Rf3 Rg6 33. Qe7 Rgf6 34. h5 a4 35. b4 Qc4 36. Qxd6 Qxa2 37. Qe5 a3 38. d6 Qd2 39. Rff1 a2 40. d7 Qd3+ 41. Kh2 Qa6 42. Rd1 a1Q 43. Rxa1 Qxe6 44. Qxe6 Rxe6 45. Rfd1 Bxf4+ 46. Kh3 Rd8 47. Ra8 Re3+ 48. Kg2 Bg5 49. Rxd8+ Bxd8 50. c4 Kg8 51. c5 Kf7 52. b5 Rc3 53. c6 Rb3 54. Re1 Rb2+ 55. Kf3 Rb3+ 56. Kf4 Rxb5 57. Re8 Bc7+ 58. Ke3 Rd5 59. Rc8 Bb6+ 60. Kf3 g5 61. hxg6+ hxg6 62. Rb8 Ba5 63. Ra8 Ke7 64. Rxa5 Rxa5 0-1

[Event "Titled Tuesday intern op 07th Sept"]
[Site "Chess.com INT"]
[Date "2021.09.07"]
[Round "4"]
[White "Pak, Yevgeniy"]
[Black "Lauridsen, Jesper Morch"]
[Result "0-1"]
[WhiteElo "2384"]
[BlackElo "2215"]
[PlyCount "66"]
[EventDate "2021.09.07"]
[EventType "swiss (blitz)"]
[EventRounds "11"]
[EventCountry "USA"]
[SourceTitle "EXT 2022"]
[Source "ChessBase"]
[SourceDate "2021.10.06"]
[SourceVersion "1"]
[SourceVersionDate "2021.10.06"]
[SourceQuality "1"]

1. d4 d5 2. c4 e6 3. Nf3 c5 4. cxd5 exd5 5. Nc3 Nc6 6. g3 Nf6 7. Bg2 Be7 8. 0-0 0-0 9. dxc5 d4 10. Na4 Bf5 11. Bg5 h6 12. Bxf6 Bxf6 13. Rc1 Re8 14. a3 Qe7 15. Re1 Rad8 16. b4 a6 17. Nb6 Be4 18. Qb3 Bd5 19. Nxd5 Qe6 20. Nxf6+ Qxf6 21. Nd2 d3 22. e3 Ne5 23. h3 h5 24. f4 Nc6 25. Bxc6 Qxc6 26. Rc3 h4 27. g4 g5 28. Rxd3 gxf4 29. Rf1 Rxd3 30. Qxd3 Rxe3 31. Qd8+ Re8 32. Qg5+ Kf8 33. Qh6+ Qxh6 0-1

[Event "Titled Tuesday intern op 03rd Nov"]
[Site "Chess.com INT"]
[Date "2020.11.03"]
[Round "3"]
[White "Pak, Yevgeniy"]
[Black "Chigaev, Maksim"]
[Result "1-0"]
[WhiteElo "2384"]
[BlackElo "2598"]
[PlyCount "215"]
[EventDate "2020.11.03"]
[EventType "swiss (blitz)"]
[EventRounds "11"]
[EventCountry "USA"]
[SourceTitle "CBM 199 Extra"]
[Source "ChessBase"]
[SourceDate "2021.01.31"]
[SourceVersion "1"]
[SourceVersionDate "2021.01.31"]
[SourceQuality "1"]

1. d4 Nf6 2. c4 g6 3. Nc3 Bg7 4. e4 d6 5. h3 0-0 6. Be3 Na6 7. Bd3 e5 8. d5 Nc5 9. Bc2 a5 10. Nge2 Bd7 11. g4 Qe8 12. a4 Bc8 13. Ng3 Nfd7 14. Qd2 Na6 15. Ra3 Ndc5 16. f3 Bd7 17. h4 Nb4 18. h5 Qe7 19. Bb1 c6 20. Kf2 cxd5 21. cxd5 Rac8 22. Kg2 b6 23. Bg5 Bf6 24. Be3 Rc7 25. Qd1 Bg5 26. Bf2 Qf6 27. Nce2 b5 28. axb5 Bxb5 29. Rxa5 Bxe2 30. Qxe2 Nb3 31. Rb5 Nc1 32. Qd1 Na6 33. Rb6 Nc5 34. b4 N5b3 35. Rc6 Rb7 36. Qe1 Nd2 37. Rxc1 Qxf3+ 38. Kh2 Qxg4 39. Qd1 Nf3+ 40. Kg2 Bxc1 41. Qxf3 Qxf3+ 42. Kxf3 Bd2 43. Bd3 Rxb4 44. Ke2 Bf4 45. Rb1 Rxb1 46. Bxb1 Rb8 47. Bd3 Rb2+ 48. Kf3 Rb3 49. Ke2 Kg7 50. Nf1 Rb2+ 51. Kf3 Rb3 52. Ke2 gxh5 53. Ba6 Ra3 54. Bc8 Ra4 55. Bf5 Ra2+ 56. Kf3 Ra3+ 57. Kg2 Bg5 58. Ng3 h4 59. Ne2 h5 60. Ng1 Be3 61. Nh3 Bxf2 62. Kxf2 Rg3 63. Kf1 Kf6 64. Kf2 Ke7 65. Kf1 Kd8 66. Nf2 Kc7 67. Nh1 Rg5 68. Nf2 Kb6 69. Nd3 Kb5 70. Ne1 Rg3 71. Kf2 Kc5 72. Ng2 Kd4 73. Nxh4 Ra3 74. Nf3+ Kd3 75. Ng5 h4 76. Kg2 Ke3 77. Nxf7 Ra6 78. Ng5 Kf4 79. Ne6+ Ke3 80. Kh3 Kd3 81. Kxh4 Kc4 82. Kg5 Kb5 83. Kf6 Kb6 84. Ke7 Kb5 85. Kd7 Kb4 86. Nc7 Rb6 87. Ne8 Kc5 88. Ke6 Rb7 89. Nf6 Ra7 90. Nd7+ Kd4 91. Nf8 Ra6 92. Ng6 Rb6 93. Ne7 Kc5 94. Nc6 Rb1 95. Nd8 Rb8 96. Nf7 Re8+ 97. Kd7 Ra8 98. Ke6 Re8+ 99. Kf6 Ra8 100. Ng5 Rf8+ 101. Ke7 Ra8 102. Ne6+ Kb6 103. Kxd6 Rg8 104. Kxe5 Rg1 105. Kf6 Rd1 106. Ke7 Re1 107. d6 Rd1 108. d7 1-0

[Event "KAZ Independence rapid"]
[Site "Almaty"]
[Date "2019.12.02"]
[Round "5"]
[White "Pak, Yevgeniy"]
[Black "Malakhatko, Vadim"]
[Result "0-1"]
[WhiteElo "2384"]
[BlackElo "2470"]
[PlyCount "96"]
[EventDate "2019.12.01"]
[EventType "swiss (rapid)"]
[EventRounds "9"]
[EventCountry "KAZ"]
[SourceTitle "CBM 193 Extra"]
[Source "ChessBase"]
[SourceDate "2020.01.31"]
[SourceVersion "1"]
[SourceVersionDate "2020.01.31"]
[SourceQuality "1"]

1. d4 d5 2. c4 dxc4 3. Nf3 a6 4. e3 Bg4 5. Bxc4 e6 6. Nc3 Nc6 7. Be2 Nf6 8. h3 Bh5 9. Qb3 Rb8 10. Qa4 Qd7 11. 0-0 Bd6 12. a3 0-0 13. e4 Bxf3 14. Bxf3 Nxd4 15. Qd1 Rfd8 16. Be3 Be5 17. Rc1 c5 18. Be2 b5 19. Bg5 h6 20. Bxf6 Bxf6 21. Bg4 Qa7 22. Qe1 Nb3 23. Rd1 Bd4 24. Kh1 c4 25. f4 Nc5 26. f5 exf5 27. Rxf5 Bxc3 28. Rxd8+ Rxd8 29. bxc3 Qe7 30. Bf3 g6 31. Qg3 Nxe4 32. Bxe4 Qxe4 33. Rf6 Rd3 34. Qc7 Rxh3+ 35. Kg1 Qe1+ 36. Rf1 Rh1+ 37. Kxh1 Qxf1+ 38. Kh2 Qf6 39. Qg3 Kg7 40. Qe3 Qd6+ 41. g3 Qxa3 42. Qe5+ Kg8 43. Qf6 h5 44. Qd8+ Qf8 45. Qc7 Qe8 46. Qa5 Qe2+ 47. Kg1 Kg7 48. Qb4 Qa2 0-1

[Event "KAZ Independence rapid"]
[Site "Almaty"]
[Date "2019.12.02"]
[Round "8"]
[White "Pak, Yevgeniy"]
[Black "Zhalmakhanov, Ramazan"]
[Result "1/2-1/2"]
[WhiteElo "2384"]
[BlackElo "2391"]
[PlyCount "81"]
[EventDate "2019.12.01"]
[EventType "swiss (rapid)"]
[EventRounds "9"]
[EventCountry "KAZ"]
[SourceTitle "CBM 193 Extra"]
[Source "ChessBase"]
[SourceDate "2020.01.31"]
[SourceVersion "1"]
[SourceVersionDate "2020.01.31"]
[SourceQuality "1"]

1. e4 c5 2. c3 Nf6 3. e5 Nd5 4. d4 cxd4 5. Qxd4 e6 6. Nf3 Nc6 7. Qe4 d6 8. Bb5 Bd7 9. c4 Nb6 10. exd6 a6 11. Bg5 Qc8 12. Nc3 Bxd6 13. Be3 axb5 14. Bxb6 bxc4 15. Qxc4 Nb4 16. Qxc8+ Rxc8 17. Rd1 Bc5 18. Bxc5 Rxc5 19. a3 Nc6 20. 0-0 e5 21. Ne4 Rc2 22. b4 Bg4 23. Nd6+ Ke7 24. Nxb7 Bxf3 25. gxf3 Ra8 26. Rd3 Ra2 27. Rc1 Nd4 28. Rc7+ Kf6 29. Kg2 R8xa3 30. Rxa3 Rxa3 31. Nd6 Ke6 32. Nxf7 Nxf3 33. Nd8+ Kd5 34. Rc5+ Ke4 35. Rc4+ Kf5 36. Nc6 e4 37. Nd4+ Nxd4 38. Rxd4 Rb3 39. Rd7 Kf6 40. Rd6+ Ke5 41. Rd7 1/2-1/2

[Event "Cholpon Ata Issyk Kul op"]
[Site "Cholpon Ata"]
[Date "2016.06.28"]
[Round "8"]
[White "Baisynov, Islam"]
[Black "Pak, Yevgeniy"]
[Result "0-1"]
[WhiteElo "1986"]
[BlackElo "2401"]
[PlyCount "68"]
[EventDate "2016.06.21"]
[EventType "swiss"]
[EventRounds "9"]
[EventCountry "KGZ"]
[SourceTitle "EXT 2017"]
[Source "ChessBase"]
[SourceDate "2016.10.25"]
[SourceVersion "1"]
[SourceVersionDate "2016.10.25"]
[SourceQuality "1"]

1. e4 c5 2. Nf3 d6 3. Nc3 Nc6 4. d4 cxd4 5. Nxd4 Nf6 6. Be3 e5 7. Nb3 Be7 8. f3 0-0 9. Qd2 a5 10. Na4 Be6 11. Nb6 Rb8 12. 0-0-0 Qc7 13. Kb1 Rfd8 14. c4 a4 15. Nxa4 Nd7 16. Nc3 Nc5 17. Nxc5 dxc5 18. Nd5 Bxd5 19. cxd5 b5 20. Qc1 Nd4 21. Bxd4 exd4 22. Rxd4 Bf6 23. Rd1 Qa7 24. Qc2 Ra8 25. b3 c4 26. f4 Rdc8 27. e5 Bd8 28. bxc4 bxc4 29. Be2 Rab8+ 30. Ka1 Bb6 31. Qc3 Ba5 32. Qa3 Bd2 33. Rxd2 Qxa3 34. Rc2 Qe3 0-1

[Event "Cholpon Ata Issyk Kul op"]
[Site "Cholpon Ata"]
[Date "2016.06.27"]
[Round "7"]
[White "Pak, Yevgeniy"]
[Black "Alikulov, Elbek"]
[Result "0-1"]
[WhiteElo "2401"]
[BlackElo "2375"]
[PlyCount "72"]
[EventDate "2016.06.21"]
[EventType "swiss"]
[EventRounds "9"]
[EventCountry "KGZ"]
[SourceTitle "EXT 2017"]
[Source "ChessBase"]
[SourceDate "2016.10.25"]
[SourceVersion "1"]
[SourceVersionDate "2016.10.25"]
[SourceQuality "1"]

1. d4 Nf6 2. c4 g6 3. Nc3 Bg7 4. e4 d6 5. Nf3 0-0 6. Be2 e5 7. Be3 Nc6 8. d5 Ne7 9. Nd2 h5 10. h3 c6 11. g4 h4 12. Bg5 b6 13. Bxh4 Bb7 14. Nf1 cxd5 15. exd5 a6 16. a4 Qc7 17. Ne3 Nh7 18. Rg1 Bc8 19. Bd3 f6 20. Qc2 Kf7 21. Ne4 Rh8 22. a5 Nf8 23. Bg3 Nd7 24. b4 Bb7 25. axb6 Qxb6 26. Nxd6+ Qxd6 27. c5 Qb8 28. d6 Nc6 29. Bxg6+ Kf8 30. Qf5 Rh6 31. g5 Nd4 32. Qxd7 Rxg6 33. Nf5 Bc6 34. Qe7+ Kg8 35. Rb1 Nf3+ 36. Kd1 Qb5 0-1

[Event "Eurasia Blitz Chess Cup"]
[Site "Almaty"]
[Date "2016.06.19"]
[Round "15"]
[White "Pak, Yevgeniy"]
[Black "Arutinian, David"]
[Result "0-1"]
[WhiteElo "2401"]
[BlackElo "2527"]
[PlyCount "88"]
[EventDate "2016.06.18"]
[EventType "swiss (blitz)"]
[EventRounds "22"]
[EventCountry "KAZ"]
[SourceTitle "CBM 173 Extra"]
[Source "ChessBase"]
[SourceDate "2016.08.29"]
[SourceVersion "1"]
[SourceVersionDate "2016.08.29"]
[SourceQuality "1"]

1. Nf3 Nf6 2. c4 e6 3. g3 d5 4. Bg2 d4 5. 0-0 c5 6. d3 Nc6 7. e3 h6 8. exd4 cxd4 9. Na3 Bc5 10. Re1 0-0 11. Nc2 a5 12. Bd2 Re8 13. a3 a4 14. Nb4 Nd7 15. Nxc6 bxc6 16. Ne5 Nxe5 17. Rxe5 Bd6 18. Bxc6 Ra6 19. Bxe8 Bxe5 20. Bxa4 Bb7 21. Bb5 Ra8 22. Qe2 Bc7 23. Re1 e5 24. Qg4 Qf6 25. Bd7 Rd8 26. Bf5 Qb6 27. b4 Ra8 28. Bc1 g6 29. c5 Qa6 30. Bxh6 Kh7 31. Qg5 Bd8 32. Qg4 gxf5 33. Qxf5+ Kxh6 34. Qxf7 Qc6 35. Re4 Bf6 36. h4 Bg7 37. g4 Rf8 38. g5+ Kh7 39. Qh5+ Kg8 40. g6 Rf6 41. Qh7+ Kf8 42. h5 Qe6 43. Rh4 Qf5 44. Rh2 Qg4+ 0-1

[Event "Eurasia Blitz Chess Cup"]
[Site "Almaty"]
[Date "2016.06.18"]
[Round "9"]
[White "Jumabayev, Rinat"]
[Black "Pak, Yevgeniy"]
[Result "1-0"]
[WhiteElo "2613"]
[BlackElo "2401"]
[PlyCount "127"]
[EventDate "2016.06.18"]
[EventType "swiss (blitz)"]
[EventRounds "22"]
[EventCountry "KAZ"]
[SourceTitle "CBM 173 Extra"]
[Source "ChessBase"]
[SourceDate "2016.08.29"]
[SourceVersion "1"]
[SourceVersionDate "2016.08.29"]
[SourceQuality "1"]

1. d4 Nf6 2. c4 c5 3. d5 b5 4. cxb5 a6 5. bxa6 g6 6. Nc3 Bxa6 7. Nf3 d6 8. g3 Bg7 9. Bg2 Nbd7 10. 0-0 Nb6 11. Ne1 0-0 12. Nc2 Nc4 13. b3 Nd7 14. Ne4 Ncb6 15. Rb1 Bb7 16. a4 Bxd5 17. Ne3 Bc6 18. Nf6+ Nxf6 19. Bxc6 Ra7 20. Bf3 Qd7 21. Qc2 Rc8 22. Bd2 c4 23. a5 cxb3 24. Qxb3 Na4 25. Nc4 Nc5 26. Qa3 Rf8 27. Be3 Nfe4 28. Bxe4 Nxe4 29. Bxa7 Qxa7 30. Qd3 d5 31. Qxd5 Nc3 32. Qd3 Nxb1 33. Rxb1 Qa6 34. Rb6 Qa8 35. Rb5 Rd8 36. Qb3 Qa7 37. Rb7 Qa8 38. Qf3 Bf6 39. Kg2 Qa6 40. Rc7 Rd4 41. Qc6 Qxc6+ 42. Rxc6 Rd1 43. a6 Ra1 44. e3 Ra2 45. g4 Bg5 46. Kg3 e6 47. h4 Bf6 48. g5 Be7 49. Ne5 Ra5 50. f4 Ra3 51. Kf3 Kf8 52. Rc8+ Kg7 53. Rc7 Bb4 54. Rxf7+ Kg8 55. Ra7 Bc5 56. Ra8+ Kg7 57. Ng4 Kf7 58. Rc8 Bb6 59. Rb8 Rxa6 60. Rb7+ Ke8 61. Rxh7 Ra2 62. Rg7 Ra1 63. Rxg6 Kd7 64. h5 1-0

[Event "Central Asia Cup 4th"]
[Site "Almaty"]
[Date "2015.11.23"]
[Round "3"]
[White "Pak, Yevgeniy"]
[Black "Karimov, Alisher"]
[Result "1-0"]
[WhiteElo "2404"]
[BlackElo "2284"]
[PlyCount "117"]
[EventDate "2015.11.21"]
[EventType "swiss"]
[EventRounds "9"]
[EventCountry "KAZ"]
[SourceTitle "CBM 169 Extra"]
[Source "ChessBase"]
[SourceDate "2015.12.18"]
[SourceVersion "1"]
[SourceVersionDate "2015.12.18"]
[SourceQuality "1"]

1. Nf3 Nf6 2. c4 c5 3. Nc3 e6 4. g3 b6 5. Bg2 Bb7 6. 0-0 Be7 7. d4 cxd4 8. Qxd4 0-0 9. Rd1 d6 10. Bg5 Nbd7 11. Nb5 d5 12. cxd5 exd5 13. Nc3 h6 14. Bxf6 Bxf6 15. Qg4 Bxc3 16. bxc3 Qe7 17. Nh4 Ne5 18. Nf5 Qf6 19. Qf4 Rae8 20. Bxd5 Ba6 21. Nd4 Qe7 22. e3 Nd3 23. Qf5 Nc5 24. c4 Bb7 25. Bxb7 Qxb7 26. Nb5 Re6 27. Nc3 Rf6 28. Qd5 Qe7 29. Qd4 Re6 30. Rac1 Qg5 31. Qf4 Qg6 32. Qd4 Qh5 33. Qd5 Re5 34. Qg2 Qg4 35. Rd4 Qh5 36. Rcd1 Qg6 37. Nd5 Qc2 38. f4 Qxg2+ 39. Kxg2 Re4 40. Rxe4 Nxe4 41. Kf3 Nc5 42. Ne7+ Kh7 43. Rd6 f5 44. Rc6 Rf7 45. Nd5 h5 46. h3 Rd7 47. Rc8 Ne4 48. Ke2 Nxg3+ 49. Kd3 Ne4 50. Kd4 Kg6 51. Ke5 Nf2 52. Rc6+ Kf7 53. Kxf5 Nxh3 54. e4 Ng1 55. e5 Rd8 56. Rc7+ Ke8 57. Rxg7 Nf3 58. Kf6 Nd4 59. e6 1-0

[Event "Bishkek op"]
[Site "Bishkek"]
[Date "2013.07.07"]
[Round "9"]
[White "Dadabaev, Janybek"]
[Black "Pak, Yevgeniy"]
[Result "0-1"]
[WhiteElo "1993"]
[BlackElo "2343"]
[PlyCount "52"]
[EventDate "2013.07.02"]
[EventType "swiss"]
[EventRounds "9"]
[EventCountry "KGZ"]
[SourceTitle "EXT 2015"]
[Source "ChessBase"]
[SourceDate "2014.11.20"]
[SourceVersion "1"]
[SourceVersionDate "2014.11.20"]
[SourceQuality "1"]

1. d4 Nf6 2. c4 c5 3. Nf3 cxd4 4. Nxd4 Nc6 5. e3 g6 6. Be2 Bg7 7. 0-0 0-0 8. Nc3 d5 9. cxd5 Nxd5 10. Nxc6 bxc6 11. Qc2 Nxc3 12. bxc3 Qa5 13. Bd2 Rb8 14. Bf3 Bf5 15. e4 Be6 16. a4 Rfd8 17. Rfb1 h6 18. Be2 Kh7 19. Rb4 c5 20. Rb5 Rxb5 21. Bxb5 Rxd2 22. Qxd2 Bxc3 23. Qd1 Bxa1 24. Qxa1 Qd2 25. Kf1 c4 26. Qe1 Qb2 0-1

[Event "Bishkek op"]
[Site "Bishkek"]
[Date "2013.07.04"]
[Round "3"]
[White "Haskel, Jeffrey"]
[Black "Pak, Yevgeniy"]
[Result "0-1"]
[WhiteElo "2237"]
[BlackElo "2343"]
[PlyCount "56"]
[EventDate "2013.07.02"]
[EventType "swiss"]
[EventRounds "9"]
[EventCountry "KGZ"]
[SourceTitle "EXT 2015"]
[Source "ChessBase"]
[SourceDate "2014.11.20"]
[SourceVersion "1"]
[SourceVersionDate "2014.11.20"]
[SourceQuality "1"]

1. c4 c5 2. Nf3 g6 3. g3 Bg7 4. Bg2 Nc6 5. 0-0 e5 6. Nc3 Nge7 7. Ne1 0-0 8. a3 d6 9. b4 cxb4 10. axb4 Nxb4 11. Ba3 Nec6 12. Qa4 a5 13. Nb5 Ra6 14. Nc2 Nxc2 15. Qxc2 Nd4 16. Nxd4 exd4 17. Rab1 b6 18. Rb5 Re8 19. e3 Bf5 20. Qb3 Re7 21. Rd5 Rd7 22. Qb5 Raa7 23. Qc6 a4 24. Rb5 Ra6 25. h4 dxe3 26. dxe3 Bf8 27. Rd1 Be6 28. Qe4 d5 0-1

[Event "KAZ-ch qual"]
[Site "Astana"]
[Date "2012.02.29"]
[Round "9"]
[White "Pak, Yevgeniy"]
[Black "Akhmetov, Ayan"]
[Result "0-1"]
[WhiteElo "2328"]
[BlackElo "2163"]
[PlyCount "104"]
[EventDate "2012.02.21"]
[EventType "swiss"]
[EventRounds "9"]
[EventCountry "KAZ"]
[SourceTitle "EXT 2014"]
[Source "ChessBase"]
[SourceDate "2013.11.20"]
[SourceVersion "1"]
[SourceVersionDate "2013.11.20"]
[SourceQuality "1"]

1. d4 Nf6 2. c4 e6 3. Nc3 c5 4. d5 exd5 5. cxd5 d6 6. Nf3 g6 7. Bf4 a6 8. a4 Bg7 9. h3 0-0 10. e3 Ne8 11. Be2 Nd7 12. 0-0 Qe7 13. Re1 Ne5 14. Nd2 f5 15. Bh2 g5 16. f4 Ng6 17. Bh5 gxf4 18. exf4 Qf6 19. Nf3 Nc7 20. Bg3 Bd7 21. Bxg6 Qxg6 22. Bh4 Bf6 23. Bxf6 Qxf6 24. Kh1 h6 25. a5 Rae8 26. Qb3 Nb5 27. Na4 Re4 28. Nb6 Rf7 29. Nd2 Rxf4 30. Qe3 Qd4 31. Ndc4 Qxe3 32. Rxe3 Re4 33. Rae1 Rxe3 34. Rxe3 f4 35. Re4 f3 36. gxf3 Bxh3 37. Kh2 Rxf3 38. Re7 Bf5 39. Rxb7 h5 40. Re7 h4 41. Ne3 Kf8 42. Nxf5 Rxf5 43. Re2 Nd4 44. Rg2 Kf7 45. Kh3 Rf4 46. Rg5 Nf5 47. Rh5 Kg6 48. Rh8 Rf3+ 49. Kg4 Rg3+ 50. Kf4 Nh6 51. Nc8 Rg1 52. Re8 Rf1+ 0-1